Prediction of geographic distribution and ecological niche modeling of açaí palm trees in the Amazon (Registro n. 329094)
[ somente texto ]
| 000 -LÍDER | |
|---|---|
| fixed length control field | 04249nab a2200373 i 4500 |
| 003 - CÓDIGO MARC DA AGÊNCIA CATALOGADORA | |
| Campo de controle | BR-BrBNA |
| 005 - DATA E HORA DA ÚLTIMA ATUALIZAÇÃO | |
| Campo de controle | 20241208123104.0 |
| 008 - CAMPO DE TAMANHO FIXO | |
| fixed length control field | 241208b2024 bl.ar|pooa||| 00| 0 eng | |
| 040 ## - FONTE DA CATALOGAÇÃO | |
| Agência catalogadora | BR-BrBNA |
| Idioma da catalogação | eng |
| 072 ## - CATEGORIA AGRIS | |
| Código AGRIS | F40 |
| Código do objeto | 1190 |
| 072 ## - CATEGORIA AGRIS | |
| Código AGRIS | F70 |
| 100 ## - ENTRADA PRINCIPAL - NOME PESSOAL | |
| Nome pessoal | Marques, Maria José |
| 100 ## - ENTRADA PRINCIPAL - NOME PESSOAL | |
| Nome pessoal | Bezerra, Caroline de Souza |
| 100 ## - ENTRADA PRINCIPAL - NOME PESSOAL | |
| Nome pessoal | Tomaz, Jennifer Souza |
| 100 ## - ENTRADA PRINCIPAL - NOME PESSOAL | |
| Nome pessoal | Lopes, Ricardo |
| 100 ## - ENTRADA PRINCIPAL - NOME PESSOAL | |
| Nome pessoal | Wrege, Marcos Silveira |
| 100 ## - ENTRADA PRINCIPAL - NOME PESSOAL | |
| Nome pessoal | Aguiar, Ananda Virginia de |
| 100 ## - ENTRADA PRINCIPAL - NOME PESSOAL | |
| Nome pessoal | Ramos, Santiago Linorio Ferreyra |
| 100 ## - ENTRADA PRINCIPAL - NOME PESSOAL | |
| Nome pessoal | Meneses, Carlos Henrique Salvino Gadêlha |
| 100 ## - ENTRADA PRINCIPAL - NOME PESSOAL | |
| Nome pessoal | Fraxe, Therezinha de Jesus Pinto |
| 100 ## - ENTRADA PRINCIPAL - NOME PESSOAL | |
| Nome pessoal | Lopes, Maria Teresa Gomes |
| 245 ## - TÍTULO PRINCIPAL | |
| Título principal | Prediction of geographic distribution and ecological niche modeling of açaí palm trees in the Amazon |
| 500 ## - NOTA GERAL | |
| Nota geral | Publicação online; 43 ref.; 3 tables; Summaries (En, Pt) |
| 942 ## - ADDED ENTRY ELEMENTS (KOHA) | |
| Koha item type | Analítica |
| 520 ## - NOTA DE RESUMO | |
| Nota de conteúdo | <br/><br/>ABSTRACT - Euterpe precatoria Mart. (açaí-do-amazonas) and Euterpe oleracea Mart. (açaí-do-pará) are palm trees of socioeconomic importance to Brazil, and fruit demand has increased due to its nutritional characteristics. This study aimed to evaluate the effect of global climate change on the current geographic distribution of E. precatoria and E. oleracea and in future climate scenarios using the ecological niche modeling in the scope of Brazilian territories. The modelings used 28 environmental variables, including climatic and edaphic data. The current distribution was verified for the reference period (2009-2019) and future projections were evaluated in two scenarios (Shared Socioeconomic Pathways - SSP): SSP 245 (less pessimistic) and SSP 585 (more pessimistic), in the time interval of 2061-2080. All algorithms presented satisfactory evaluation indexes. Euterpe precatoria has a predominant geographic distribution in the Amazon domain, while E. oleracea has potential occurrence in three Brazilian phytogeographic domains: Amazon, Cerrado and Atlantic Forest. Euterpe oleracea showed to be more sensitive to climate change in both scenarios, while E. precatoria was more resilient up to a certain level of temperature increase (SSP 245).<br/><br/><br/>KEYWORDS: Euterpe ssp., climate change, species distribution modeling. |
| 520 ## - NOTA DE RESUMO | |
| Nota de conteúdo | <br/><br/>RESUMO - Predição de distribuição geográfica e modelagem de nicho ecológico de açaizeiros na Amazônia - Euterpe precatoria Mart. (açaí-do-amazonas) e Euterpe oleracea Mart. (açaí-do-pará) são palmeiras de importância socioeconômica para o Brasil, e a demanda por frutos vem aumentando devido às suas características nutricionais. Objetivouse avaliar o efeito das mudanças climáticas globais na distribuição geográfica atual de E. precatoria e E. oleracea e em cenários climáticos futuros, por meio de modelagem de nicho ecológico, nos âmbitos dos territórios brasileiros. As modelagens foram realizadas utilizando-se 28 variáveis ambientais, incluindo dados climáticos e edáficos. A distribuição atual foi verificada para o período de referência (2009-2019) e as projeções futuras em dois cenários (Shared Socioeconomic Pathways - SSP): SSP 245 (menos pessimista) e SSP 585 (mais pessimista), no intervalo de tempo 2061-2080. Todos os algoritmos apresentaram índices de avaliação satisfatórios. Euterpe precatoria possui distribuição geográfica predominante no domínio Amazônia, enquanto E. oleracea possui ocorrência potencial em três domínios fitogeográficos brasileiros: Amazônia, Cerrado e Mata Atlântica. Euterpe oleracea se mostrou mais sensível às alterações climáticas nos dois cenários, enquanto E. precatoria foi mais resiliente até certo nível de aumento de temperatura (SSP 245).<br/><br/><br/><br/>PALAVRAS-CHAVE: Euterpe spp., mudanças climáticas, modelagem de distribuição de espécies |
| 650 ## - ASSUNTO - THESAGRO | |
| Cabeçalho tópico ou nome geográfico | AÇAÍ |
| 650 ## - ASSUNTO - THESAGRO | |
| Cabeçalho tópico ou nome geográfico | MUDANÇA CLIMÁTICA |
| 650 ## - ASSUNTO - THESAGRO | |
| Cabeçalho tópico ou nome geográfico | DISTRIBUIÇÃO GEOGRÃFICA |
| 650 ## - ASSUNTO - THESAGRO | |
| Cabeçalho tópico ou nome geográfico | AMAZÔNIA |
| 773 0# - ENTRADA ANALÍTICA | |
| Host Biblionumber | 3248 |
| Registro do item | 317349 |
| Imprenta | Goiânia-GO UFG. Escola de Agronomia 1999 |
| Outro identificador | 2024-4001 |
| Título | Pesquisa Agropecuária Tropical (Brazil) |
| ISSN | 1517-6398 |
| Colação | v. 54 p. 1-10; (2024) |
| Número de controle de registro | BR2024003936 |
| 856 ## - ACESSO E ENDEREÇO ELETRÔNICO | |
| Identificador uniforme de recurso - URI | https://www.scielo.br/j/pat/a/NrwG3Ssyj6KS67ddZccYx3w/?format=pdf&lang=en |
Nenhum exemplar disponível.

BINAGRI